| 000 | 00789nam a22002177a 4500 | ||
|---|---|---|---|
| 003 | DO-SdBNP | ||
| 005 | 20240301141933.0 | ||
| 007 | ta | ||
| 008 | 211108b2019 dr ||||| |||| 00| 0 spa d | ||
| 020 | _a9789945585506 | ||
| 040 |
_aDO-SdBNP _bspa _cBN`PHU |
||
| 082 | 4 |
_222 _bR426re |
|
| 110 | 1 |
_a República Dominicana. _b Poder Judicial. _915992 |
|
| 245 | 1 | 0 |
_aResolución 2142/2018 : _breglamento general sobre los mecanismos alternativos de solución de conflictos en la República Dominicana / _ccoordinación general Mariano Germán Mejía. |
| 260 |
_aSanto Domingo : _bPoder Judicial, _c2019. |
||
| 300 |
_a47 p. ; _c21 cm. |
||
| 590 | _aInventariado, 2021 /LP | ||
| 700 | 1 |
_aGermán M., Mariano, _d1946- _q(Germán Mejía) _ecoord. _99311 |
|
| 910 | _aLopérez | ||
| 942 |
_2ddc _cLBS1 |
||
| 999 |
_c50881 _d50881 |
||